Carta Real por la que se exime a Serradilla de la Jurisdicción de Plasencia. (Record no. 40235)

MARC details
000 -LEADER
campo de control de longitud fija 00643nam a2200181 i 4500
001 - NÚMERO DE CONTROL
campo de control 40235
003 - IDENTIFICADOR DE NÚMERO DE CONTROL
campo de control ES-MaACL
005 - FECHA Y HORA DE LA ÚLTIMA TRANSACCIÓN
campo de control 20230906160154.0
007 - CAMPO FIJO DE DESCRIPCIÓN FÍSICA--INFORMACIÓN GENERAL
campo de control de longitud fija t|
008 - DATOS DE LONGITUD FIJA--INFORMACIÓN GENERAL
campo de control de longitud fija 030305s1956 sp ||||1| spa d
245 00 - MENCIÓN DEL TÍTULO
Título Carta Real por la que se exime a Serradilla de la Jurisdicción de Plasencia.
260 ## - PUBLICACIÓN, DISTRIBUCIÓN, ETC.
Lugar de publicación, distribución, etc. Cáceres :
Nombre del editor, distribuidor, etc. Ayuntamiento de Serradilla,
Fecha de publicación, distribución, etc. [1956] (
Lugar de fabricación/manufactura Plasencia :
Fabricante Victoria)
300 ## - DESCRIPCIÓN FÍSICA
Extensión 61 p., 2 lám. ;
Dimensiones 21 cm.
500 ## - NOTA GENERAL
Nota general Precede al tít.: Archivos Municipales de Serradilla.
710 1# - ENTRADA AGREGADA--NOMBRE DE ENTIDAD CORPORATIVA
Nombre de entidad corporativa o nombre de jurisdicción como elemento de entrada Serradilla.
Unidad subordinada Ayuntamiento.
9 (RLIN) 6573
710 1# - ENTRADA AGREGADA--NOMBRE DE ENTIDAD CORPORATIVA
Nombre de entidad corporativa o nombre de jurisdicción como elemento de entrada Serradilla.
Unidad subordinada Archivos Municipales.
9 (RLIN) 6572
852 ## - LOCALIZACIÓN
Ubicación ES-MaACL
Número de control de estantería 1990-F-16
Sublocalización o colección R.38987
Holdings
Estatus retirado Estado de pérdida Estado de daño No para préstamo Colección Biblioteca de origen Biblioteca actual Ubicación en estantería Fecha de adquisición Fuente de adquisición Total de préstamos Signatura topográfica completa Código de barras Visto por última vez Precio de reemplazo Tipo de ítem Koha
        Colección de folletos Biblioteca del Ateneo de Madrid Biblioteca del Ateneo de Madrid Depósito folletos 17/01/2008     1990-F-16 1042358 23/02/2023 23/02/2023 Folleto